000 00240nam a2200097Ia 4500
005 20251222114339.0
008 251222s1900||||xx |||||||||||||| ||spa||
082 _aDVD0099/B67/2003
245 0 _aAltamira: desde siempre para siempre:
942 _cDVD
999 _c774
_d774